| 000 | 00622nam a2200205 a 4500 | ||
|---|---|---|---|
| 005 | 20240920064100.0 | ||
| 008 | 010613s1996 es r 000 0 spa d | ||
| 020 | _a8430915303 | ||
| 035 | _aUPN01000108266 | ||
| 049 | _aCG | ||
| 050 | 4 |
_aLB626 _bC3.7 |
|
| 100 | 1 |
_aPestalozzi, Johann Heinrich, _d1746-1827 |
|
| 245 | 1 | 0 |
_aCartas sobre educación infantil / _cJohann Heinrich Pestalozzi ; tr. José María Quintana Cabañas. |
| 250 | _a2a ed. | ||
| 260 |
_aMadrid : _bTecnos, _c1996. |
||
| 300 | _axxiii, 146 p. | ||
| 440 | 0 |
_aClásicos del pensamiento ; _v42 |
|
| 650 | 4 |
_aEducación de niños _95387 |
|
| 905 | _aLibro | ||
| 999 |
_c82178 _d82178 |
||